LIBRARY & INFORMATION CENTRE, KCAET, TAVANUR

ONLINE PUBLIC ACCESS CATALOGUE (OPAC)

AN IOT BASED DRIP IRRIGATION SYSTEM FOR VERTICAL FARMING IN RAINSHELTER (Record no. 17718)

MARC details
000 -LEADER
fixed length control field 00430nam a22001457a 4500
003 - CONTROL NUMBER IDENTIFIER
control field OSt
082 ## - DEWEY DECIMAL CLASSIFICATION NUMBER
Classification number 631.587
Item number ADI
088 ## - REPORT NUMBER
Report number 580
100 ## - MAIN ENTRY--AUTHOR NAME
Personal name ADITHYA S
-- ALEENA .A.N.S
-- SONA.K
-- VISHNUPRIYA R
245 ## - TITLE STATEMENT
Title AN IOT BASED DRIP IRRIGATION SYSTEM FOR VERTICAL FARMING IN RAINSHELTER
260 ## - PUBLICATION, DISTRIBUTION, ETC. (IMPRINT)
Place of publication TAVANUR
Name of publisher DEPARTMENT OF IRRIGATION AND DRAINAGE ENGINEERING
Year of publication 2023
300 ## - PHYSICAL DESCRIPTION
Number of Pages 72
700 ## - ADDED ENTRY--PERSONAL NAME
Personal name ANU VARUGHESE
942 ## - ADDED ENTRY ELEMENTS (KOHA)
Koha item type Project Report
Holdings
Collection code Home library Current library Full call number Accession Number Koha item type
Reference KAUAET KAUAET 631.587 ADI P 580 Project Report
free website counter